Ballet, Sweat and Tears (Record no. 333118)
[ view plain ]
| 000 -LEADER | |
|---|---|
| fixed length control field | 00472nam a2200097Ia 4500 |
| 008 - FIXED-LENGTH DATA ELEMENTS--GENERAL INFORMATION | |
| fixed length control field | 170517s9999 xx 000 0 und d |
| 245 ## - TITLE STATEMENT | |
| Title | Ballet, Sweat and Tears |
| 300 ## - PHYSICAL DESCRIPTION | |
| Extent | Every mother bringing her child to the Academy believes she will be an accomplished ballet dancer. You've raised your child and gone through all the trouble to hand her over, but at best she's going to dance at the... |
| 650 ## - SUBJECT ADDED ENTRY--TOPICAL TERM | |
| General subdivision | Art. |
| 856 ## - ELECTRONIC LOCATION AND ACCESS | |
| Uniform Resource Identifier | <a href="http://topdocumentaryfilms.com/ballet-sweat-tears/">http://topdocumentaryfilms.com/ballet-sweat-tears/</a> |
| Withdrawn status | Lost status | Damaged status | Home library | Current library | Date acquired | Total Checkouts | Date last seen | Price effective from | Koha item type |
|---|---|---|---|---|---|---|---|---|---|
| College Library | College Library | 05/17/2017 | 05/17/2017 | 05/17/2017 | Documentary Films |